| 000 | 03086cam a2200445 i 4500 | ||
|---|---|---|---|
| 999 |
_c677 _d677 |
||
| 003 | OSt | ||
| 005 | 20220222085420.0 | ||
| 008 | 170629t20172017enkb b 001 0 eng d | ||
| 020 | _a9781107067202 | ||
| 020 | _a1107067200 | ||
| 020 |
_a1107671124 _q(paperback) |
||
| 020 |
_a9781107671126 _q(paperback) |
||
| 040 |
_aYDX _cKABLIB _dKABLIB |
||
| 082 | 0 | 0 |
_a967.61 _223 _bREI |
| 100 | 1 |
_aReid, Richard J. _q(Richard James), _eauthor. _92198 |
|
| 245 | 1 | 2 |
_aA History of Modern Uganda / _cRichard J. Reid. |
| 264 | 1 |
_aCambridge, United Kingdom : _bCambridge University Press, _cC2017. |
|
| 264 | 4 | _c©2017 | |
| 300 |
_axxvi, 403 pages : _bmaps ; _c23 cm. |
||
| 500 | _aIncludes index. | ||
| 504 | _aIncludes bibliographical references (pages 357-394). | ||
| 505 | 0 | _aExplanations, apologies and acknowledgements -- List of maps -- Prologue: a view from the museum -- 1. Refractions: beholding Uganda -- 2. Pensive nation: the age of blood and rebirth -- 3. Rukidi's children: the trials and tribulations of Kabalega and Mwanga -- 4. The adventures of Zigeye and Atuk: the age of opportunity and disparity -- 5. Kings and others: history and modernity -- Epilogue: managing time and space -- Sources and bibliography -- Index. | |
| 520 |
_aThis book is the first major study in several decades to consider Uganda as a nation, from its precolonial roots to the present day. Here, Richard J. Reid examines the political, economic, and social history of Uganda, providing a unique and wide-ranging examination of its turbulent and dynamic past for all those studying Uganda's place in African history and African politics. Reid identifies and examines key points of rupture and transition in Uganda's history, emphasising dramatic political and social change in the precolonial era, especially during the nineteenth century, and he also examines the continuing repercussions of these developments in the colonial and postcolonial periods. By considering the ways in which historical culture and consciousness has been ever present - in political discourse, art and literature, and social relationships - Reid defines the true extent of Uganda's viable national history. -- _cpublisher's website. |
||
| 648 | 7 |
_a2000-2099 _2fast _92199 |
|
| 650 | 7 |
_aCivilization. _2fast _0(OCoLC)fst00862898 _92200 |
|
| 650 | 7 |
_aColonial influence. _2fast _0(OCoLC)fst01352432 _92201 |
|
| 650 | 7 |
_aManners and customs. _2fast _0(OCoLC)fst01007815 _92202 |
|
| 650 | 7 |
_aPolitics and government. _2fast _0(OCoLC)fst01919741 _92203 |
|
| 650 | 7 |
_aSocial conditions. _2fast _0(OCoLC)fst01919811 _92204 |
|
| 651 | 0 |
_aUganda _xHistory. _92205 |
|
| 651 | 0 |
_aUganda _y21st century _xHistory. _92206 |
|
| 651 | 0 |
_aUganda _xPolitics and government. _92207 |
|
| 651 | 0 |
_aUganda _xColonial influence. _92208 |
|
| 651 | 0 |
_aUganda _xCivilization _y21st century _xHistory. _92209 |
|
| 651 | 0 |
_aUganda _xSocial life and customs _xHistory. _92210 |
|
| 651 | 0 |
_aUganda _xSocial conditions _xHistory. _92211 |
|
| 651 | 7 |
_aUganda. _2fast _0(OCoLC)fst01210282 _92212 |
|
| 655 | 7 |
_aHistory. _2fast _0(OCoLC)fst01411628 _91566 |
|
| 942 |
_2ddc _cBOOK |
||